Von Jet zu Punk - Statistiken

Allgemein
  • Dieses Quiz wurde 696 mal gespielt
  • Das Durchschnittsergebnis liegt bei 18 aus 21
Antwortstatistiken
Wort Beschreibung / Hinweis % Korrekt
roden Wald vernichten
99%
Leben Gegenteil von Tod
93%
Rosen Blume der Liebe (pl.)
93%
Hoden Inneres Fortpflanzungsorgan des Mannes
92%
Hosen Beinkleider
91%
Leber das wichtigste Stoffwechselorgan
90%
Besen benutzt man zum fegen
89%
Boden Erdoberfläche
89%
lesen ein Buch ...
87%
Regen flüssiger Niederschlag
87%
legal erlaubt
85%
Regal Möbelstück zur Lagerung von Gegenständen
84%
Segen Gegenteil von Fluch
84%
Beben Erschütterung
83%
losen zufällig auswählen
83%
Reben daran wachsen Weintrauben
82%
Segel wird zur Fortbewegung durch Wind genutzt
81%
Weber stellt Tücher/Stoffe her
80%
Regel Vorschrift / Übereinkunft
79%
Wesen Tiere, die menschliche Eigenschaften verkörpern (Fabel)
77%
Weser entsteht aus Werra und Fulda
72%
Keine übereinstimmenden Quizze gefunden
Verteilung der Resultate
Anzahl Personen mit jedem Resultat
Perzentil nach korrekt beantworteten Fragen
Ihre Resultats-Entwicklung
Sie haben dieses Quiz noch nicht gespielt